| 000 | 01352nam a22003137a 4500 | ||
|---|---|---|---|
| 003 | DO-SdBNP | ||
| 005 | 20250909134647.0 | ||
| 007 | ta | ||
| 008 | 210414e2020 dr ac||gr|||| 00| 0dspa d | ||
| 020 | _a9789945617917 | ||
| 040 |
_aDO-SdBNP _bspa _cBNPHU |
||
| 041 | _hspa | ||
| 082 | 4 |
_aRD862.44 _bC957d _222 |
|
| 100 |
_927168 _aCruz Durán, Giovanny, _d1953- |
||
| 245 | 1 | 3 |
_aLa dramática: _bel teatro revolucionario de Juan Pablo Duarte : un punto de encuentro entre Shakespeare y Cervantes / _cGiovanny Cruz Durán. |
| 246 | 1 | 3 | _aUn punto de encuentro entre Shakespeare y Cervantes |
| 260 |
_aSanto Domingo : _bSantuario , _c2020 |
||
| 300 |
_a69 pg. _bil, fotos ; _c22 cm. |
||
| 500 | _aIncluye datos biográficos del autor en la solapa de la cubierta | ||
| 590 | _aInventariado, 2022/MFF | ||
| 600 | 1 | 0 |
_aDuarte, Juan Pablo, _d1813-1876 _xCrítica e interpretación _91494 |
| 600 | 1 | 4 |
_a Shakespeare, William, _d1564-1616. _xCrítica e interpretación _912620 |
| 600 | 1 | 4 |
_a Cervantes Saavedra, Miguel de, _d 1547-1616 _xCrítica e interpretación _913728 |
| 650 | 4 |
_aTeatro dominicano _xHistoria y crítica _958258 |
|
| 650 | 4 |
_aTeatro _xHistoria y crítica _982573 |
|
| 700 | 1 |
_927168 _aCruz Durán, Giovanny, _d1953- _tUn punto de encuentro entre Shakespeare y Cervantes. |
|
| 910 | _aValidado. Control de calidad MFF | ||
| 942 |
_2ddc _cLBS1 |
||
| 999 |
_c49732 _d49732 |
||